On the wings of destiny : an autobiography (Record no. 26724)

MARC details
000 -LEADER
fixed length control field 00840nam a2200241Ia 4500
008 - FIXED-LENGTH DATA ELEMENTS--GENERAL INFORMATION
fixed length control field 191130s2010##################000#0#eng##
020 ## - INTERNATIONAL STANDARD BOOK NUMBER
International Standard Book Number 9789380502267
022 ## - INTERNATIONAL STANDARD SERIAL NUMBER
International Standard Serial Number 2010327666
040 ## - CATALOGING SOURCE
Original cataloging agency ACL
Transcribing agency ACL
082 ## - DEWEY DECIMAL CLASSIFICATION NUMBER
Classification number 358.40092 DIL
100 ## - MAIN ENTRY--PERSONAL NAME
Personal name Dilbagh Singh
245 ## - TITLE STATEMENT
Title On the wings of destiny : an autobiography
Statement of responsibility, etc. Dilbagh Singh
260 ## - PUBLICATION, DISTRIBUTION, ETC.
Place of publication, distribution, etc. New Delhi
Name of publisher, distributor, etc. KW Publishers in association with Centre for Air Power Studies
Date of publication, distribution, etc. c2010
300 ## - PHYSICAL DESCRIPTION
Extent xi, 215 p. : ill. (some col. ) ; 25 cm
650 ## - SUBJECT ADDED ENTRY--TOPICAL TERM
Topical term or geographic name entry element Dilbagh Singh, 1926-2001
Topical term or geographic name entry element India. Indian Air Force - Biography
Topical term or geographic name entry element India. Indian Air Force - Officers - Biography
Topical term or geographic name entry element Sky marshals - India - Biography
710 ## - ADDED ENTRY--CORPORATE NAME
Corporate name or jurisdiction name as entry element Centre for Air Power Studies (New Delhi, India)
990 ## - EQUIVALENCES OR CROSS-REFERENCES [LOCAL, CANADA]
Link information for 9XX fields 2af6a7d1ac10000c7339631f8ed1934f
991 ## -
-- 281950
Holdings
Withdrawn status Lost status Materials specified (bound volume or other part) Damaged status Not for loan Home library Current library Shelving location Date acquired Total Checkouts Full call number Barcode Date last seen Price effective from Koha item type
    hbk     Anna Centenary Library Anna Centenary Library 4TH FLOOR, A WING 09.10.2020   358.40092 DIL 136086 09.10.2020 09.10.2020 English Books

Find us on the map